zpět

Detail výsledku týmu

The Pub Praha 2 ST, Praha

Datum a čas kvízu

23.5 Celkem bodů Celkový počet nahraných bodů na tomto kvízu bez doplňovacích otázek.
13. Pořadí na kvízu Konečné umístění týmu na tomto kvízu.

Zaznamenané odpovědi

# Otázka Odpověď Body Výsledky
1. Státní pomoc s vysokými účty z... 20 000 Kč 0
2. Dva aktivisté z hnutí Just Sto... Přilepili se k obrazu. 0
3. Více než dvacet tisíc fanoušků... Vizovice, Masters of Rock 1
4. Sandra Flemrová – holčička z l... vratných lahví 1
5. Po Petře Kvitové z roku 2011 s... Jelena Rybakinová 0
6. Jak se jmenuje první žena v na... Ingrid Bergmanová, Casablanca 0
7. Vivien Leighová byla anglická... Jih proti severu (Gone with the Wind), Scarlett O' Hara 0
8. Poznáte film Petra Kolihy, z n... Výchova dívek v Čechách, Michal Viewegh 0.5
9. Markéta Hrubešová se v 90. let... Žiletky 0
10. Přiřaďte následující superhrdi... 1D 2C 3B 4A 1